[Event "Mittelfrank Regionalliga Sud-West 2122"]
[Site "Mittelfranken"]
[Date "2022.03.13"]
[Round "6.1"]
[White "Khrapko, Marharyta"]
[Black "Otte, Marco"]
[Result "1-0"]
[WhiteElo "2200"]
[BlackElo "2102"]
[PlyCount "71"]
[EventDate "2021.10.24"]
[EventType "team-tourn"]
[EventRounds "9"]
[EventCountry "GER"]
[SourceTitle "EXT 2024"]
[Source "ChessBase"]
[SourceDate "2023.10.10"]
[SourceVersion "1"]
[SourceVersionDate "2023.10.10"]
[SourceQuality "1"]
[WhiteTeam "Altstadt Roter Turm"]
[BlackTeam "Augsburg Rochade"]
[WhiteTeamCountry "GER"]
[BlackTeamCountry "GER"]

1. e4 c5 2. Nf3 d6 3. d4 cxd4 4. Nxd4 Nf6 5. Nc3 g6 6. Bc4 Bg7 7. Be3 a6 8. f3 b5 9. Bb3 Bb7 10. Qd2 h5 11. 0-0-0 Nbd7 12. Rhe1 Rc8 13. Kb1 Ne5 14. Qf2 0-0 15. Nde2 Qc7 16. h3 Nc4 17. Bc1 Na5 18. Nf4 Nxb3 19. cxb3 e6 20. g4 hxg4 21. hxg4 Nd7 22. Qh2 Ne5 23. Rh1 Rfe8 24. a3 Kf8 25. Qh7 Bf6 26. g5 Bg7 27. Ka2 Bc6 28. Nfe2 Nxf3 29. Rdf1 Ne5 30. Nf4 Re7 31. Nxg6+ Nxg6 32. Qxg6 Be5 33. Rh7 a5 34. Qh6+ Ke8 35. g6 fxg6 36. Qf8+ 1-0

[Event "Oberliga Bayern 1617"]
[Site "Bayern"]
[Date "2017.02.19"]
[Round "6.5"]
[White "Otte, Marco"]
[Black "Wachinger, Guenther"]
[Result "1/2-1/2"]
[WhiteElo "2143"]
[BlackElo "2230"]
[PlyCount "77"]
[EventDate "2016.10.16"]
[EventType "team-tourn"]
[EventRounds "9"]
[EventCountry "GER"]
[SourceTitle "EXT 2019"]
[Source "ChessBase"]
[SourceDate "2018.10.10"]
[SourceVersion "1"]
[SourceVersionDate "2018.10.10"]
[SourceQuality "1"]
[WhiteTeam "Muenchen 36"]
[BlackTeam "Pang/Rosenheim"]
[WhiteTeamCountry "GER"]
[BlackTeamCountry "GER"]

1. d4 Nf6 2. Nf3 c5 3. c4 cxd4 4. Nxd4 e5 5. Nb5 d5 6. cxd5 Bc5 7. e3 0-0 8. Bc4 a6 9. N5c3 b5 10. Bb3 Qe7 11. Nd2 e4 12. Nf1 h5 13. h3 Rd8 14. a3 Bb7 15. Ng3 h4 16. Nh5 Nbd7 17. 0-0 Qe5 18. Nxf6+ Nxf6 19. Qc2 Bd6 20. f4 exf3 21. gxf3 Nxd5 22. Bxd5 Bxd5 23. f4 Qh5 24. Nxd5 Qxd5 25. b4 Rac8 26. Qg2 Qb3 27. Qb2 Qd3 28. Ra2 Bb8 29. Qe2 Qe4 30. Qg2 Qd3 31. Kh1 Rxc1 32. Rxc1 Qxe3 33. Rg1 g6 34. Rf1 Rd3 35. f5 Qxh3+ 36. Qxh3 Rxh3+ 37. Kg1 Ba7+ 38. Kg2 Rg3+ 39. Kh1 1/2-1/2

[Event "Oberliga Bayern 1617"]
[Site "Bayern"]
[Date "2016.10.16"]
[Round "1.6"]
[White "Otte, Marco"]
[Black "Finster, Michael"]
[Result "1/2-1/2"]
[WhiteElo "2143"]
[BlackElo "2067"]
[PlyCount "207"]
[EventDate "2016.10.16"]
[EventType "team-tourn"]
[EventRounds "9"]
[EventCountry "GER"]
[SourceTitle "EXT 2019"]
[Source "ChessBase"]
[SourceDate "2018.10.10"]
[SourceVersion "1"]
[SourceVersionDate "2018.10.10"]
[SourceQuality "1"]
[WhiteTeam "Muenchen 36"]
[BlackTeam "Herzogenaurach"]
[WhiteTeamCountry "GER"]
[BlackTeamCountry "GER"]

1. Nf3 d5 2. d4 Nf6 3. g3 c6 4. Bg2 h6 5. 0-0 Bf5 6. Nbd2 e6 7. c3 Nbd7 8. Re1 Bd6 9. Nb3 0-0 10. Nfd2 Qc7 11. e4 dxe4 12. Nxe4 Bxe4 13. Bxe4 Nxe4 14. Rxe4 Nf6 15. Re1 Rad8 16. Qf3 Be7 17. Bf4 Qb6 18. c4 Rd7 19. Bd2 Qd8 20. Bc3 Qc8 21. Rac1 a6 22. a4 b5 23. axb5 axb5 24. cxb5 cxb5 25. d5 Qb7 26. Bxf6 Bxf6 27. Rc6 Rxd5 28. Na5 Qd7 29. b4 Bd4 30. Re2 Rd8 31. Rec2 Rf5 32. Qe4 Bxf2+ 33. Kg2 Ba7 34. g4 Rf6 35. R6c3 Qd1 36. Kh3 Qf1+ 37. Rg2 Rf4 38. Qe2 Qxe2 39. Rxe2 Bd4 40. Rcc2 g5 41. Nc6 Ra8 42. Ra2 Rxa2 43. Rxa2 Bc3 44. Ra8+ Kg7 45. Rb8 Rc4 46. Na7 Bd4 47. Nxb5 Rxb4 48. Rb7 Rb3+ 49. Kg2 Rb2+ 50. Kf3 Be5 51. h3 Rh2 52. Ke4 Re2+ 53. Kf3 Rb2 54. Ke4 Kf6 55. Nd6 Rxb7 56. Nxb7 Bc7 57. Nc5 Kg6 58. Nd3 h5 59. Nc5 Bd6 60. Nd3 hxg4 61. hxg4 f5+ 62. Kf3 Kf6 63. Nb2 Bb8 64. Nc4 Bc7 65. Ne3 Bf4 66. Nc4 Ke7 67. Nb2 Kd6 68. Nd3 fxg4+ 69. Kxg4 Kd5 70. Kf3 Kd4 71. Nb4 Ke5 72. Nc6+ Kd5 73. Nb4+ Ke5 74. Nc6+ Kf6 75. Ke4 Bc7 76. Kf3 Kf5 77. Nd4+ Ke5 78. Nc6+ Kd5 79. Nb4+ Kc4 80. Nc2 Kd3 81. Nb4+ Kd4 82. Nc2+ Kd5 83. Nb4+ Kd6 84. Nd3 Bb6 85. Ke4 Ba5 86. Ne5 Kc5 87. Nd7+ Kc6 88. Ne5+ Kc7 89. Nf3 g4 90. Ne5 g3 91. Kf3 Be1 92. Nd3 Bf2 93. Nxf2 gxf2 94. Kxf2 Kd6 95. Ke2 Kc5 96. Ke3 Kd5 97. Kd3 e5 98. Ke3 e4 99. Ke2 Kd4 100. Kd2 e3+ 101. Ke2 Ke4 102. Ke1 Kf4 103. Ke2 Ke4 104. Ke1 1/2-1/2

[Event "Landesliga Sued 1415"]
[Site "Bayern"]
[Date "2015.02.01"]
[Round "6.3"]
[White "Otte, Marco"]
[Black "Krstic, Petar"]
[Result "0-1"]
[WhiteElo "2143"]
[BlackElo "2334"]
[PlyCount "136"]
[EventDate "2014.10.19"]
[EventType "team-tourn"]
[EventRounds "9"]
[EventCountry "GER"]
[SourceTitle "EXT 2018"]
[Source "ChessBase"]
[SourceDate "2017.10.13"]
[SourceVersion "1"]
[SourceVersionDate "2017.10.13"]
[SourceQuality "1"]
[WhiteTeam "Muenchen 36"]
[BlackTeam "Deggendorf"]
[WhiteTeamCountry "GER"]
[BlackTeamCountry "GER"]

1. c4 e5 2. Nc3 Nf6 3. Nf3 Nc6 4. d4 exd4 5. Nxd4 Bb4 6. e3 0-0 7. Be2 Ne4 8. Qb3 Nxd4 9. exd4 Qe7 10. Be3 Bxc3+ 11. bxc3 f5 12. 0-0 f4 13. Bc1 Nxc3 14. Qxc3 Qxe2 15. f3 Qe8 16. Re1 Qd8 17. Re4 d6 18. d5 Qf6 19. Qxf6 Rxf6 20. Re7 Rf7 21. Re8+ Rf8 22. Re7 Rf7 23. Re8+ Rf8 24. Rxf8+ Kxf8 25. Bxf4 b6 26. Kf2 a5 27. Rc1 Ba6 28. Rc2 Re8 29. h4 Ke7 30. Be3 Kd7 31. Bd4 g6 32. a3 Bb7 33. Rb2 Ba6 34. Rc2 Bb7 35. Rb2 h5 36. Kg3 Ba6 37. Rc2 Rf8 38. Be3 a4 39. Rc3 Rf5 40. Rc2 b5 41. cxb5 Bxb5 42. Rd2 Bc4 43. Rd4 Bb3 44. Bd2 Rxd5 45. Rxd5 Bxd5 46. Kf4 Bf7 47. Kg5 Ke6 48. g4 c5 49. Be3 Be8 50. Bf2 Kd5 51. Kf6 Kc6 52. Ke7 Bd7 53. Kf6 hxg4 54. fxg4 Bxg4 55. Kxg6 Kd5 56. Kg5 Bd1 57. Kf4 Kc4 58. Ke3 d5 59. Kd2 Bh5 60. Kc2 Bg6+ 61. Kb2 d4 62. Be1 Kd3 63. Kc1 c4 64. Kd1 c3 65. Bg3 Kc4 66. Bf4 d3 67. Bc1 Bh5+ 68. Ke1 Kb3 0-1

[Event "Ghent Taminco op 37th"]
[Site "Ghent"]
[Date "2014.07.19"]
[Round "1"]
[White "Otte, Marco"]
[Black "Ernst, Thomas"]
[Result "0-1"]
[WhiteElo "2226"]
[BlackElo "2364"]
[PlyCount "64"]
[EventDate "2014.07.19"]
[EventType "swiss"]
[EventRounds "9"]
[EventCountry "BEL"]
[SourceTitle "CBM 161 Extra"]
[Source "ChessBase"]
[SourceDate "2014.08.29"]
[SourceVersion "1"]
[SourceVersionDate "2014.08.29"]
[SourceQuality "1"]

1. b4 Nf6 2. e3 g6 3. Bb2 Bg7 4. c4 d6 5. Nf3 0-0 6. Nc3 e5 7. Qc2 b6 8. d4 exd4 9. Nxd4 Bb7 10. Nf3 Bxf3 11. gxf3 Nc6 12. a3 a5 13. b5 Ne5 14. f4 Nf3+ 15. Ke2 Nh4 16. Bh3 Re8 17. Rad1 Nd7 18. Rhg1 f5 19. Nd5 Bxb2 20. Qxb2 Kf7 21. Rg5 Nf6 22. Qd2 Ne4 23. Qd4 Nxg5 24. fxg5 Re4 25. Qd3 Qxg5 26. Nxc7 Qh5+ 27. Kf1 Rd8 28. Qd5+ Kg7 29. Rd4 Re5 30. Ne6+ Kh6 31. Nxd8 Rxd5 32. cxd5 Nf3 0-1

[Event "BL2-Ost 1011"]
[Site "Germany"]
[Date "2010.12.12"]
[Round "4.7"]
[White "Otte, Marco"]
[Black "Azimov, Stanislav"]
[Result "1-0"]
[WhiteElo "2230"]
[BlackElo "2179"]
[PlyCount "107"]
[EventDate "2010.10.10"]
[EventType "team-tourn"]
[EventRounds "9"]
[EventCountry "GER"]
[SourceTitle "EXT 2012"]
[Source "ChessBase"]
[SourceDate "2011.11.24"]
[SourceVersion "1"]
[SourceVersionDate "2011.11.24"]
[SourceQuality "1"]
[WhiteTeam "Muenchen Tarrasch"]
[BlackTeam "Chemnitz USG"]
[WhiteTeamCountry "GER"]
[BlackTeamCountry "GER"]

1. Nf3 d5 2. g3 Bg4 3. Bg2 Nc6 4. d4 Qd7 5. Bf4 f6 6. Nbd2 Nxd4 7. Nxd4 e5 8. N2f3 exf4 9. gxf4 Bd6 10. e3 Ne7 11. Qd3 0-0 12. h3 Bh5 13. Nh4 c6 14. Ndf5 Nxf5 15. Qxf5 Qxf5 16. Nxf5 Bc5 17. Ng3 Bf7 18. 0-0-0 a5 19. Kb1 a4 20. h4 b5 21. h5 b4 22. Ne2 Rfd8 23. Bf3 Be6 24. Nc1 Bf5 25. Rhg1 b3 26. axb3 a3 27. bxa3 Rxa3 28. Bg4 Bd7 29. Bxd7 Rxd7 30. Nd3 Be7 31. Kb2 Ra8 32. Ra1 Rb8 33. Ra5 Bb4 34. Nxb4 Rxb4 35. h6 Rb8 36. Kc3 Kf8 37. Kd4 gxh6 38. Ra6 Rc8 39. Kc5 Rg7 40. Rh1 Rg2 41. Ra7 Rg7 42. Ra2 Rg2 43. Rxh6 Kg7 44. Rh3 Kg6 45. c4 dxc4 46. bxc4 h6 47. Kd6 c5 48. e4 Rg4 49. f5+ Kg5 50. f3 Rg1 51. Kd7 Rh8 52. Rah2 Rc1 53. Rh4 Rd1+ 54. Kc6 1-0

[Event "Landesliga Sued 1011"]
[Site "Bayern"]
[Date "2010.11.14"]
[Round "3.4"]
[White "Otte, Marco"]
[Black "De Francesco, Klaus"]
[Result "0-1"]
[WhiteElo "2158"]
[BlackElo "2376"]
[PlyCount "70"]
[EventDate "2010.10.10"]
[EventType "team-tourn"]
[EventRounds "9"]
[EventCountry "GER"]
[SourceTitle "EXT 2012"]
[Source "ChessBase"]
[SourceDate "2011.11.24"]
[SourceVersion "1"]
[SourceVersionDate "2011.11.24"]
[SourceQuality "1"]
[WhiteTeam "Muenchen Tarrasch II"]
[BlackTeam "Weilheim"]
[WhiteTeamCountry "GER"]
[BlackTeamCountry "GER"]

1. c4 e6 2. Nc3 Bb4 3. g3 Nf6 4. Bg2 0-0 5. a3 Bxc3 6. dxc3 d6 7. Nf3 e5 8. Ng5 h6 9. Ne4 Nxe4 10. Bxe4 f5 11. Bg2 Nd7 12. Qb3 Kh7 13. Be3 f4 14. Bd2 Nc5 15. Qa2 f3 16. Bxf3 Rxf3 17. exf3 Nd3+ 18. Ke2 Bf5 19. Rad1 Qf6 20. h3 e4 21. f4 Qe6 22. Be3 Bxh3 23. Kd2 Bg4 24. Ra1 c5 25. b4 Qf7 26. bxc5 dxc5 27. a4 Be6 28. a5 Bxc4 29. Qa3 Qd5 30. Kc2 Nxf2 31. Bxf2 e3 32. Bxe3 Qd3+ 33. Kb2 Qe2+ 34. Kc1 Qxe3+ 35. Kc2 Bd3+ 0-1

[Event "Landesliga Sued 0910"]
[Site "Bayern"]
[Date "2010.03.21"]
[Round "8.2"]
[White "De Francesco, Klaus"]
[Black "Otte, Marco"]
[Result "1-0"]
[WhiteElo "2256"]
[BlackElo "2181"]
[PlyCount "63"]
[EventDate "2009.10.18"]
[EventType "team-tourn"]
[EventRounds "9"]
[EventCountry "GER"]
[SourceTitle "EXT 2011"]
[Source "ChessBase"]
[SourceDate "2010.11.26"]
[SourceVersion "1"]
[SourceVersionDate "2010.11.26"]
[SourceQuality "1"]
[WhiteTeam "Weilheim"]
[BlackTeam "Muenchen Tarrasch II"]
[WhiteTeamCountry "GER"]
[BlackTeamCountry "GER"]

1. d4 f5 2. g3 g6 3. Bg2 Nf6 4. Nf3 Bg7 5. b4 c6 6. a4 Qb6 7. c3 a5 8. Qb3 axb4 9. cxb4 Nd5 10. Ba3 d6 11. Nbd2 Be6 12. 0-0 Bg8 13. e4 Nf6 14. Qc2 fxe4 15. Nxe4 Nxe4 16. Qxe4 Bd5 17. Qe2 Bxf3 18. Bxf3 Bxd4 19. Rad1 Be5 20. a5 Qc7 21. Bg4 0-0 22. f4 Bf6 23. Be6+ Kg7 24. g4 h6 25. g5 c5 26. gxf6+ exf6 27. f5 Nc6 28. Bb2 cxb4 29. Qg4 g5 30. h4 Kh7 31. hxg5 fxg5 32. f6 1-0

[Event "Landesliga Sued 0910"]
[Site "Bayern"]
[Date "2010.02.07"]
[Round "6.3"]
[White "Otte, Marco"]
[Black "Wisnet, Dominic"]
[Result "0-1"]
[WhiteElo "2181"]
[BlackElo "2167"]
[PlyCount "80"]
[EventDate "2009.10.18"]
[EventType "team-tourn"]
[EventRounds "9"]
[EventCountry "GER"]
[SourceTitle "EXT 2011"]
[Source "ChessBase"]
[SourceDate "2010.11.26"]
[SourceVersion "1"]
[SourceVersionDate "2010.11.26"]
[SourceQuality "1"]
[WhiteTeam "Muenchen Tarrasch II"]
[BlackTeam "Rottal"]
[WhiteTeamCountry "GER"]
[BlackTeamCountry "GER"]

1. c4 Nf6 2. Nc3 c5 3. Nf3 Nc6 4. d4 cxd4 5. Nxd4 Nxd4 6. Qxd4 g6 7. e4 d6 8. f3 Bg7 9. Be3 Be6 10. Rc1 Qa5 11. Qd2 Rc8 12. b3 a6 13. Na4 Qxd2+ 14. Kxd2 Nd7 15. Rc2 f5 16. Bd3 Rf8 17. Rhc1 Nc5 18. Nb6 fxe4 19. fxe4 Rd8 20. b4 Nd7 21. Nxd7 Bxd7 22. b5 Ra8 23. Rb1 axb5 24. cxb5 Be6 25. Rbc1 d5 26. Rc7 Rxa2+ 27. R1c2 d4 28. Bg5 Rxc2+ 29. Kxc2 Rf2+ 30. Kc1 Rxg2 31. Rxe7+ Kf8 32. Rxe6 Rxg5 33. Rb6 Rc5+ 34. Kd1 Rc7 35. h3 Be5 36. Re6 Bg3 37. b6 Rc3 38. Bb1 Rf3 39. e5 Rf1+ 40. Kc2 d3+ 0-1

[Event "Landesliga Sued 0910"]
[Site "Bayern"]
[Date "2010.01.24"]
[Round "5.3"]
[White "Pezerovic, Edin"]
[Black "Otte, Marco"]
[Result "1-0"]
[WhiteElo "2418"]
[BlackElo "2181"]
[PlyCount "65"]
[EventDate "2009.10.18"]
[EventType "team-tourn"]
[EventRounds "9"]
[EventCountry "GER"]
[SourceTitle "EXT 2011"]
[Source "ChessBase"]
[SourceDate "2010.11.26"]
[SourceVersion "1"]
[SourceVersionDate "2010.11.26"]
[SourceQuality "1"]
[WhiteTeam "Tegernsee"]
[BlackTeam "Muenchen Tarrasch II"]
[WhiteTeamCountry "GER"]
[BlackTeamCountry "GER"]

1. d4 d5 2. c4 c6 3. Nc3 Nf6 4. e3 a6 5. Nf3 b5 6. b3 e6 7. Bd3 Bb7 8. 0-0 Nbd7 9. a3 Be7 10. e4 dxe4 11. Nxe4 Nxe4 12. Bxe4 Nf6 13. Bd3 bxc4 14. bxc4 c5 15. Rb1 Qc8 16. d5 exd5 17. Re1 Ra7 18. Bf4 dxc4 19. Rxe7+ Kxe7 20. Bd6+ Kxd6 21. Bf5+ Bd5 22. Bxc8 Rxc8 23. Qd2 Ke7 24. Rb6 Bxf3 25. gxf3 Rd7 26. Qe2+ Kf8 27. Qxc4 Nd5 28. Rxa6 g5 29. h4 Nf4 30. Rf6 Rcc7 31. hxg5 Rd4 32. Qa6 c4 33. Rxf4 1-0

[Event "Pardubice Czech op-A"]
[Site "Pardubice"]
[Date "2009.07.24"]
[Round "1"]
[White "Otte, Marco"]
[Black "Jansa, Vlastimil"]
[Result "0-1"]
[WhiteElo "2268"]
[BlackElo "2470"]
[PlyCount "104"]
[EventDate "2009.07.24"]
[EventType "swiss"]
[EventRounds "9"]
[EventCountry "CZE"]
[SourceTitle "CBM 131 Extra"]
[Source "ChessBase"]
[SourceDate "2009.09.03"]
[SourceVersion "2"]
[SourceVersionDate "2009.09.16"]
[SourceQuality "1"]

1. Nf3 g6 2. e4 Bg7 3. d4 d6 4. Bc4 Nf6 5. Qe2 0-0 6. 0-0 Bg4 7. e5 Ne8 8. c3 Nc6 9. Bf4 Bxf3 10. gxf3 d5 11. Bb3 f6 12. exf6 Nxf6 13. Bg5 Qd7 14. Re1 Rae8 15. Qe6+ Qxe6 16. Rxe6 Nd8 17. Re2 c6 18. Nd2 Nf7 19. Bh4 g5 20. Bg3 Nh5 21. Rae1 Bf6 22. Bc2 Nf4 23. Bxf4 gxf4 24. Nb3 e5 25. Bf5 Nd6 26. Bxh7+ Kxh7 27. dxe5 Bxe5 28. Rxe5 Rxe5 29. Rxe5 Rf7 30. Nd4 Kg6 31. Kg2 Nc4 32. Re2 Rg7 33. b3 Kf6+ 34. Kh1 Ne5 35. b4 b6 36. Rxe5 Kxe5 37. Nxc6+ Kf6 38. b5 Ke6 39. Nd4+ Ke5 40. h3 Rc7 41. Nc6+ Kd6 42. a4 Kc5 43. Ne5 Kd6 44. Nc6 a6 45. Kg2 axb5 46. axb5 Kc5 47. Nd4 Rh7 48. Ne6+ Kxb5 49. Nxf4 Kc4 50. Ne2 b5 51. Kg3 Re7 52. Nf4 d4 0-1

[Event "Neckar op-A 13th"]
[Site "Deizisau"]
[Date "2009.04.10"]
[Round "2"]
[White "Otte, Marco"]
[Black "Olszewski, Michal"]
[Result "0-1"]
[WhiteElo "2235"]
[BlackElo "2538"]
[PlyCount "48"]
[EventDate "2009.04.09"]
[EventType "swiss"]
[EventRounds "9"]
[EventCountry "GER"]
[SourceTitle "EXT 2015"]
[Source "ChessBase"]
[SourceDate "2014.11.20"]
[SourceVersion "1"]
[SourceVersionDate "2014.11.20"]
[SourceQuality "1"]

1. e4 c5 2. Nc3 d6 3. f4 Nc6 4. Nf3 g6 5. Bc4 Bg7 6. 0-0 e6 7. Qe1 Nf6 8. f5 0-0 9. fxe6 Bxe6 10. Bxe6 fxe6 11. d3 Ng4 12. Bg5 Qd7 13. Qh4 Nge5 14. Nxe5 Bxe5 15. Bf6 Rxf6 16. Rxf6 Bxf6 17. Qxf6 Rf8 18. Qg5 Qg7 19. Qe3 Nd4 20. Qd2 Qe5 21. Nd1 Qg5 22. Qe3 Nf3+ 23. Kf2 Nh4+ 24. Ke2 Qxg2+ 0-1

[Event "BL2-Sued 0809"]
[Site "Germany"]
[Date "2009.03.15"]
[Round "8.7"]
[White "Otte, Marco"]
[Black "Wornath, Kai Rudolf"]
[Result "0-1"]
[WhiteElo "2240"]
[BlackElo "2405"]
[PlyCount "122"]
[EventDate "2008.10.05"]
[EventType "team-tourn"]
[EventRounds "9"]
[EventCountry "GER"]
[SourceTitle "CBM 129 Extra"]
[Source "ChessBase"]
[SourceDate "2009.05.05"]
[SourceVersion "2"]
[SourceVersionDate "2009.05.20"]
[SourceQuality "1"]
[WhiteTeam "Muenchen Tarrasch"]
[BlackTeam "Schott Mainz"]
[WhiteTeamCountry "GER"]
[BlackTeamCountry "GER"]

1. d4 Nf6 2. Nf3 g6 3. g3 Bg7 4. Bg2 0-0 5. 0-0 d6 6. c4 c5 7. Nc3 cxd4 8. Nxd4 a6 9. b3 Qc7 10. Bb2 Nc6 11. Rc1 Nxd4 12. Qxd4 Be6 13. Nd5 Bxd5 14. Bxd5 Nh5 15. Qd2 Bxb2 16. Qxb2 Nf6 17. Bf3 Rfc8 18. Qd2 Qb6 19. Rfd1 Rc7 20. Kg2 a5 21. Rb1 Qb4 22. Qe3 Rac8 23. g4 b5 24. g5 Ne8 25. cxb5 Qxb5 26. Rd5 Qb4 27. Rbd1 e6 28. R5d4 Qb6 29. h4 d5 30. Ra4 Rc5 31. Qf4 Nd6 32. e4 Rc2 33. Rd2 e5 34. Rxc2 exf4 35. Rxc8+ Nxc8 36. exd5 Nd6 37. Rxf4 Kf8 38. Be2 Qc5 39. Bf3 Qc2 40. Ra4 Qd2 41. Kg3 Nf5+ 42. Kg2 Ne3+ 43. Kg3 Nxd5 44. Bxd5 Qxd5 45. f3 Qe5+ 46. Kg2 f6 47. gxf6 Kf7 48. Kh3 Kxf6 49. Kg2 Qe2+ 50. Kg3 Qe1+ 51. Kg2 Kf5 52. a3 h5 53. Kh3 Qf2 54. Rxa5+ Kf4 55. Rg5 Qxf3+ 56. Kh2 Qf2+ 57. Kh3 Qe1 58. Kg2 Qxh4 59. Rxg6 Qe7 60. Rg3 h4 61. Rc3 Qg7+ 0-1

[Event "Bayern-chA 79th"]
[Site "Bad Neustadt/Saale"]
[Date "2008.09.01"]
[Round "3"]
[White "Jorczik, Julian Marcel"]
[Black "Otte, Marco"]
[Result "1-0"]
[WhiteElo "2361"]
[BlackElo "2187"]
[PlyCount "79"]
[EventDate "2008.08.30"]
[EventType "swiss"]
[EventRounds "9"]
[EventCountry "GER"]
[SourceTitle "EXT 2015"]
[Source "ChessBase"]
[SourceDate "2014.11.20"]
[SourceVersion "1"]
[SourceVersionDate "2014.11.20"]
[SourceQuality "1"]

1. d4 b5 2. e4 Bb7 3. Bd3 e6 4. Nf3 c5 5. dxc5 Bxc5 6. 0-0 Ne7 7. Ng5 f6 8. Nxe6 Bxf2+ 9. Rxf2 dxe6 10. Qh5+ Ng6 11. Qxb5+ Qd7 12. Nc3 0-0 13. Be3 Ne5 14. Qxd7 Nbxd7 15. Nb5 Ng4 16. Re2 Nxe3 17. Rxe3 Nc5 18. Nd6 Nxd3 19. Rxd3 Rab8 20. Nxb7 Rxb7 21. b3 Rc8 22. c4 Kf7 23. Rad1 Ke7 24. Rd6 Rc5 25. Ra6 Re5 26. Rd4 Kf7 27. Kf2 h5 28. Ke3 h4 29. Rc6 Rg5 30. Rd2 Re5 31. c5 a5 32. Rd4 Ke7 33. Rc8 Ra7 34. c6 Rb5 35. Rc4 Rb4 36. Rc3 Kf7 37. c7 Rbb7 38. Rf8+ Kxf8 39. c8Q+ Kf7 40. Qh8 1-0

[Event "Bayern-chA 79th"]
[Site "Bad Neustadt/Saale"]
[Date "2008.08.30"]
[Round "1"]
[White "Safyanovsky, Mark"]
[Black "Otte, Marco"]
[Result "1/2-1/2"]
[WhiteElo "2254"]
[BlackElo "2187"]
[PlyCount "113"]
[EventDate "2008.08.30"]
[EventType "swiss"]
[EventRounds "9"]
[EventCountry "GER"]
[SourceTitle "EXT 2015"]
[Source "ChessBase"]
[SourceDate "2014.11.20"]
[SourceVersion "1"]
[SourceVersionDate "2014.11.20"]
[SourceQuality "1"]

1. d4 f5 2. Nf3 g6 3. g3 Nf6 4. b3 Bg7 5. Bb2 0-0 6. Bg2 d6 7. 0-0 c6 8. c4 e5 9. dxe5 Ng4 10. Nc3 Nxe5 11. Qd2 Nf7 12. Nd4 Na6 13. e4 fxe4 14. Nxe4 Nc5 15. f4 Nxe4 16. Bxe4 Bh3 17. Bg2 Bd7 18. f5 Qg5 19. Qxg5 Nxg5 20. h4 Nf7 21. f6 Bh6 22. Nf3 Rae8 23. Rfe1 Bg4 24. Nh2 Bd7 25. Nf3 Be3+ 26. Kh2 Bf2 27. Rxe8 Rxe8 28. Bf1 Bg4 29. Kg2 Bb6 30. Nh2 Bd7 31. Rd1 Bc7 32. Bd4 Nh6 33. Rd2 c5 34. Bb2 Kf7 35. Kf2 Ng8 36. Bg2 b6 37. Bd5+ Be6 38. Ng4 Bxd5 39. Rxd5 h5 40. Ne3 Nxf6 41. Bxf6 Kxf6 42. Rd3 Kf7 43. Nd5 Bd8 44. Nf4 Be7 45. Rf3 Bf6 46. Nd5 Re6 47. Nc7 Re5 48. Nb5 d5 49. Nxa7 dxc4 50. bxc4 Re4 51. Nc8 Kg7 52. Nxb6 Bd8 53. Rb3 Bxb6 54. Rxb6 Rxc4 55. Rc6 Rc1 56. a4 c4 57. a5 1/2-1/2

[Event "Regionalliga SW 0708"]
[Site "Bayern"]
[Date "2007.12.09"]
[Round "4.7"]
[White "Beckers, Thomas"]
[Black "Otte, Marco"]
[Result "1/2-1/2"]
[WhiteElo "1974"]
[BlackElo "2234"]
[PlyCount "75"]
[EventDate "2007.10.21"]
[EventType "team-tourn"]
[EventRounds "9"]
[EventCountry "GER"]
[SourceTitle "EXT 2009"]
[Source "ChessBase"]
[SourceDate "2008.11.26"]
[SourceVersion "1"]
[SourceVersionDate "2008.11.26"]
[SourceQuality "1"]
[WhiteTeam "Zugzwang MSA"]
[BlackTeam "Muenchen Tarrasch II"]
[WhiteTeamCountry "GER"]
[BlackTeamCountry "GER"]

1. d4 d5 2. Nf3 Nf6 3. c4 c6 4. Nc3 e6 5. e3 Bd6 6. Bd3 Nbd7 7. e4 dxe4 8. Nxe4 Nxe4 9. Bxe4 Bb4+ 10. Bd2 Qa5 11. a3 Bxd2+ 12. Qxd2 Qxd2+ 13. Kxd2 c5 14. Rhe1 cxd4 15. Nxd4 Nf6 16. Bf3 Bd7 17. Kc3 0-0-0 18. a4 Ne8 19. c5 Nc7 20. b4 f6 21. c6 bxc6 22. Nxc6 Bxc6 23. Bxc6 Rd6 24. Bf3 Kd7 25. Rad1 Rc8 26. Kb3 Nd5 27. Rxd5 Rxd5 28. Bxd5 exd5 29. b5 Rc4 30. Re2 a6 31. bxa6 Rc6 32. Kb4 Rxa6 33. a5 Kd6 34. Re8 Rc6 35. Rd8+ Ke6 36. Re8+ Kd6 37. Rd8+ Ke6 38. Re8+ 1/2-1/2

[Event "Oberliga Bayern 0708"]
[Site "Bayern"]
[Date "2007.10.21"]
[Round "1.7"]
[White "Otte, Marco"]
[Black "Frobenius, Wolfram"]
[Result "1-0"]
[WhiteElo "2234"]
[BlackElo "2151"]
[PlyCount "161"]
[EventDate "2007.10.21"]
[EventType "team-tourn"]
[EventRounds "9"]
[EventCountry "GER"]
[SourceTitle "EXT 2009"]
[Source "ChessBase"]
[SourceDate "2008.11.26"]
[SourceVersion "1"]
[SourceVersionDate "2008.11.26"]
[SourceQuality "1"]
[WhiteTeam "Muenchen Tarrasch"]
[BlackTeam "Koenigshofen"]
[WhiteTeamCountry "GER"]
[BlackTeamCountry "GER"]

1. Nf3 g6 2. c4 Bg7 3. d4 c5 4. Nc3 cxd4 5. Nxd4 Nc6 6. e3 Nf6 7. Be2 0-0 8. 0-0 d6 9. b3 Qa5 10. Bb2 Bd7 11. Qd2 Nxd4 12. exd4 e6 13. Ne4 Qxd2 14. Nxd2 d5 15. Rfd1 dxc4 16. Nxc4 Bc6 17. Ne5 Bd5 18. Rac1 Bh6 19. Ra1 Rfc8 20. Bc1 Bxc1 21. Rdxc1 Ne4 22. f3 Nd6 23. Bd3 Kf8 24. Kf2 Ke7 25. Ke2 f6 26. Ng4 Bc6 27. a4 Nf5 28. Bxf5 gxf5 29. Nf2 Rd8 30. Ke3 Rd7 31. g3 Rad8 32. Rc4 h5 33. Rac1 Bd5 34. Rb4 a5 35. Rb5 Bc6 36. Rxa5 Rxd4 37. Rac5 h4 38. R5c4 Rxc4 39. Rxc4 hxg3 40. hxg3 Bd5 41. Rc3 Kd6 42. Nd3 Rg8 43. Kf2 e5 44. a5 Ra8 45. b4 e4 46. Nf4 Bc6 47. Rc5 exf3 48. Rxf5 Ke7 49. Rh5 b6 50. Nd5+ Bxd5 51. Rxd5 Ke6 52. Rb5 bxa5 53. bxa5 Kf7 54. Kxf3 Kg6 55. Kf4 Ra6 56. Rc5 Rd6 57. Rc4 Ra6 58. Ra4 Kf7 59. Kf5 Ke7 60. Ra2 Kf7 61. Ra3 Ke7 62. Kg6 Kf8 63. Kf5 Kf7 64. Ke4 Ke6 65. Kd4 Kd6 66. Kc4 Kc6 67. Kb4 Kb7 68. Kb5 Re6 69. a6+ Ka7 70. Kc5 Re5+ 71. Kd6 Rf5 72. Ke6 Rf1 73. Kd5 Rf5+ 74. Ke4 Re5+ 75. Kf4 Rg5 76. Ra2 Rb5 77. Ra4 Rb1 78. Kf5 Rf1+ 79. Rf4 Rg1 80. g4 Kxa6 81. Kxf6 1-0